000 01137nam a2200265 i 4500
001 175644
003 ES-MaACL
005 20250808001334.0
007 t|
008 101115s1980 sp f r ||||1| spa d
020 _a84-220-0942-0
080 _a27 Juan Pablo II, Papa
080 _a27-675
100 0 _aJuan Pablo
_bII
_cPapa, Santo.
_9162513
245 1 0 _aNuevo paso hacia la unidad
_b: Ankara-Estambul-Efeso-Esmirna /
_cJuan Pablo II ; [textos preparados en la edición en lengua española de L'Osservatore Romano].
260 _aCittá del Vaticano :
_bLibreria Editrice Vaticana ;
_aMadrid :
_bLa Editorial Católica,
_c1980.
300 _aXXIX, 144, [12] p. de lám. col. ;
_c18 cm.
490 1 _aBiblioteca de autores cristianos. Serie Minor ;
_v60
500 _aLos textos oficiales de los discursos del Papa en su lengua original se publican en Acta Apostolicae Sedis.
600 0 4 _aJuan Pablo
_bII
_cPapa-
_xSermones.
_9143913
650 0 4 _aEcumenismo.
_912045
830 0 0 _aBiblioteca de autores cristianos.
_pMinor
_v60
_9189814
852 _aES-MaACL
_jE-13518
_xOlim P-1255
999 _c175644
_d175644